The Amos Oz reader /
| Main Author: | |
|---|---|
| Other Authors: | |
| Format: | Book |
| Language: | English |
| Published: |
Boston :
Houghton Mifflin Harcourt,
2009.
|
| Subjects: | |
| Online Access: | Contributor biographical information Publisher description Table of contents only |
MARC
| Tag | First Indicator | Second Indicator | Subfields |
|---|---|---|---|
| LEADER | 00000cam a22000004a 4500 | ||
| 001 | in00002487113 | ||
| 005 | 20210206063048.0 | ||
| 008 | 081215s2009 mau 001 0 eng | ||
| 010 | |a 2008053532 | ||
| 020 | |a 9780156035668 | ||
| 020 | |a 0156035669 | ||
| 029 | 1 | |a BWX |b R3775855 | |
| 035 | |a (OCoLC)ocn262426449 | ||
| 035 | |a (OCoLC)262426449 | ||
| 040 | |a DLC |c DLC |d BTCTA |d YDXCP |d C#P |d BWX |d UtOrBLW | ||
| 041 | 1 | |a eng |h heb | |
| 049 | |a TXAM | ||
| 050 | 0 | 0 | |a PJ5054.O9 |b A2 2009 |
| 082 | 0 | 0 | |a 892.4/36 |2 22 |
| 100 | 1 | |a Oz, Amos, |d 1939-2018. | |
| 240 | 1 | 0 | |a Works. |k Selections. |l English. |f 2009 |
| 245 | 1 | 4 | |a The Amos Oz reader / |c Amos Oz ; selected and edited by Nitza Ben-Dov. |
| 264 | 1 | |a Boston : |b Houghton Mifflin Harcourt, |c 2009. | |
| 300 | |a xv, 392 pages ; |c 21 cm. | ||
| 336 | |a text |b txt |2 rdacontent | ||
| 337 | |a unmediated |b n |2 rdamedia | ||
| 338 | |a volume |b nc |2 rdacarrier | ||
| 500 | |a Includes index. | ||
| 505 | 0 | |a The kibbutz : "an exemplary nonfailure" -- Jerusalem : an alien city -- In the promised land -- In an autobiographical vein. | |
| 600 | 1 | 0 | |a Oz, Amos |v Translations into English. |
| 700 | 1 | |a Ben-Dov, Nitza. | |
| 856 | 4 | 2 | |3 Contributor biographical information |u http://www.loc.gov/catdir/enhancements/fy0905/2008053532-b.html |t 0 |
| 856 | 4 | 2 | |3 Publisher description |u http://www.loc.gov/catdir/enhancements/fy0905/2008053532-d.html |t 0 |
| 856 | 4 | 1 | |3 Table of contents only |u http://www.loc.gov/catdir/enhancements/fy0905/2008053532-t.html |t 0 |
| 938 | |a Baker and Taylor |b BTCP |n BK0007964602 | ||
| 938 | |a YBP Library Services |b YANK |n 2947778 | ||
| 938 | |a Blackwell Book Service |b BBUS |n R3775855 |c $15.95 | ||
| 945 | |a PromptCat |b 692731 | ||
| 946 | |a stk | ||
| 947 | |a A14839843602 | ||
| 994 | |a 92 |b TXA | ||
| 948 | |a cataloged |b h |d 2009/5/6 |h c |e asalazar |f 3:12:07 pm | ||
| 999 | |a MARS | ||
| 999 | f | f | |s dc3c669d-c13e-3abb-a330-337b5b94451e |i 14db14cc-3335-399e-bf05-b41a5c56d5bb |t 0 |
| 952 | f | f | |p normal |a Texas A&M University |b College Station |c Sterling C. Evans Library |d Evans: Library Stacks |t 0 |e PJ5054.O9 A2 2009 |h Library of Congress classification |i unmediated -- volume |m A14839843602 |
| 998 | f | f | |a PJ5054.O9 A2 2009 |t 0 |l Evans: Library Stacks |